Documento base sobre biodiversidad / (Registro nro. 128)

Detalles MARC
000 -CABECERA
Campo de control 01211nam a2200337 a 4500
005 - FECHA Y HORA DE LA ULTIMA TRANSACCION
Campo de control 20200104041506.0
008 - ELEMENTOS DE LONGITUD FIJA—INFORMACION GENERAL
Campo de control 140114b1995 py d fr|||| 00| 0 spa d
040 ## - FUENTE DE CATALOGACIÓN
Agencia catalogadora original CO-BoIAVH
Agencia transcriptora CO-BoIAVH
041 0# - IDIOMA
Código de idioma para texto/pista de sonido o título separado Español
044 ## - PAÍS DE PUBLICACIÓN
País de publicación Paraguay
082 04 - NUMERO DE CLASIFICACION DECIMAL DEWEY
Número de clasificación 333.95
Número del ítem N44d
100 1# - ASIENTO PRINCIPAL--NOMBRE PERSONAL
Nombre personal Neris, Nora N.
9 (RLIN) 3885
245 1# - MENCION DE TITULO
Título Documento base sobre biodiversidad /
Mención de responsabilidad Proyecto Estrategia Nacional para la Protección de los Recursos Naturales
260 ## - PUBLICACION, DISTRIBUCION, ETC. (PIE DE IMPRENTA)
Lugar de publicación, distribución, etc. Asunción, Paraguay :
Nombre del editor, distribuidor, etc. Subsecretaría de Recursos Naturales y Medio Ambiente :
-- Deutsche Gesellschaft Für Technische Zusammenarbeit,
Fecha de publicación, distribución, etc. 1995.
300 ## - DESCRIPCION FISICA
Extensión 166 páginas:
Otros detalles físicos Cuadros;
Dimensiones 22 x 15 cm.
650 #6 - ASIENTO SECUNDARIO DE MATERIA - TERMINO TEMATICO
Término temático o nombre geográfico como elemento de entrada Biodiversidad
9 (RLIN) 47621
650 ## - ASIENTO SECUNDARIO DE MATERIA - TERMINO TEMATICO
Término temático o nombre geográfico como elemento de entrada Biodiversidad
Subdivisión geográfica Paraguay
9 (RLIN) 47622
650 #6 - ASIENTO SECUNDARIO DE MATERIA - TERMINO TEMATICO
Término temático o nombre geográfico como elemento de entrada Conservación de biodiversidad
9 (RLIN) 345
650 #6 - ASIENTO SECUNDARIO DE MATERIA - TERMINO TEMATICO
Término temático o nombre geográfico como elemento de entrada Lista de especies
9 (RLIN) 603
650 #6 - ASIENTO SECUNDARIO DE MATERIA - TERMINO TEMATICO
Término temático o nombre geográfico como elemento de entrada Plan de acción ambiental
9 (RLIN) 3886
650 #6 - ASIENTO SECUNDARIO DE MATERIA - TERMINO TEMATICO
Término temático o nombre geográfico como elemento de entrada Uso de biodiversidad
9 (RLIN) 343
650 #6 - ASIENTO SECUNDARIO DE MATERIA - TERMINO TEMATICO
Término temático o nombre geográfico como elemento de entrada Biogeografía
9 (RLIN) 47627
650 #6 - ASIENTO SECUNDARIO DE MATERIA - TERMINO TEMATICO
Término temático o nombre geográfico como elemento de entrada Formaciones vegetales
9 (RLIN) 3887
650 #4 - ASIENTO SECUNDARIO DE MATERIA - TERMINO TEMATICO
Término temático o nombre geográfico como elemento de entrada Areas protegidas
Subdivisión geográfica Paraguay
9 (RLIN) 47628
650 #6 - ASIENTO SECUNDARIO DE MATERIA - TERMINO TEMATICO
Término temático o nombre geográfico como elemento de entrada Legislación
9 (RLIN) 47629
662 ## - ASIENTO SECUNDARIO DE MATERIA - JERARQUIA DEL NOMBRE DE LUGAR(
País o entidad mayor Paraguay
700 1# - ASIENTO SECUNDARIO - NOMBRE PERSONAL
Nombre personal Pin, Ana
9 (RLIN) 3888
700 1# - ASIENTO SECUNDARIO - NOMBRE PERSONAL
Nombre personal Quintana, Marizza
9 (RLIN) 3889
700 1# - ASIENTO SECUNDARIO - NOMBRE PERSONAL
Nombre personal López, Nancy E.
9 (RLIN) 3890
942 ## - ELEMENTOS ADICIONALES (KOHA)
Tipo de ítem Libro
Sistema de clasificación Dewey Decimal Classification
Existencias
Withdrawn status Lost status Sistema de Clasificación Damaged status No para préstamo Colección Inventariado Ubicación Permanente Ubicación actual Fecha de adquisición Fuente de Valor Valor Total Checkouts Número topográfico Inventario / Código de Barras Date last seen Ejemplar Price effective from Forma de adquisición Tipo de material
    Dewey Decimal Classification     General Inventariado 2017 Bogotá Bogotá 22/12/1997 Instituto 39000.00   LB-333.95 N44d 000160 04/12/2012 Ej. 1 04/12/2012   Libro